Accounting in the Asia-Pacific region

This work explores the relationships between cultures and accounting by analyzing both financial and management accounting practices and issues such as historical development, political processes and global influences.

שמור ב:
מידע ביבליוגרפי
מחבר ראשי: Baydoun, Nabil
פורמט: ספר
שפה:Undetermined
יצא לאור: Singapore John Wiley & Sons (Asia) 1997
נושאים:
תגים: הוספת תג
אין תגיות, היה/י הראשונ/ה לתייג את הרשומה!
Thư viện lưu trữ: Trung tâm Học liệu Trường Đại học Cần Thơ
LEADER 00786nam a2200205Ia 4500
001 CTU_110924
008 210402s9999 xx 000 0 und d
082 |a 657.095 
082 |b B356 
100 |a Baydoun, Nabil 
245 0 |a Accounting in the Asia-Pacific region 
245 0 |c Nabil Baydoun, Akira Nishimura, Roger Willett 
260 |a Singapore 
260 |b John Wiley & Sons (Asia) 
260 |c 1997 
520 |a This work explores the relationships between cultures and accounting by analyzing both financial and management accounting practices and issues such as historical development, political processes and global influences. 
650 |a Accounting,Accounting 
650 |z Asia,Asia 
904 |i Giang 
980 |a Trung tâm Học liệu Trường Đại học Cần Thơ